Statystyki dla Państwa niewierzące

Kliknij tutaj aby rozwiązać quiz!

Ogólne statystyki

  • Ten quiz został rozwiązany 5 354 razy
  • Średni wynik to 12 z 20

Statystyki odpowiedzi

%Kraj% Poprawnych
90Chiny
86%
60Japonia
78%
60Niemcy
75%
72Czechy
73%
57Kanada
73%
73Szwecja
73%
62Norwegia
72%
69Wielka Brytania
68%
60Korea Południowa
66%
63Australia
65%
61Dania
61%
66Holandia
61%
64Belgia
60%
58Szwajcaria
57%
57Hiszpania
56%
60Estonia
52%
56Irlandia
51%
63Wietnam
39%
58Izrael
24%
64Azerbejdżan
9%

Rozkład punktacji

Percentyl według liczby udzielonych odpowiedzi

Procent ludzi z każdym wynikiem

Twoja historia wyników

Nie rozwiązałeś tego quizu